The inflation-hedging characteristics of UK property (Record no. 7651)

MARC details
000 -LEADER
fixed length control field 01418cab a2200253 4500
001 - CONTROL NUMBER
control field ABS54721
008 - FIXED-LENGTH DATA ELEMENTS--GENERAL INFORMATION
fixed length control field 090401t1996 xxu||||| |||| 00| 0 eng d
035 ## - SYSTEM CONTROL NUMBER
System control number (Sirsi) u11969
041 ## - LANGUAGE CODE
Language code of text/sound track or separate title eng
100 ## - MAIN ENTRY--PERSONAL NAME
Personal name Barkham, R.J.
245 #4 - TITLE STATEMENT
Title The inflation-hedging characteristics of UK property
260 ## - PUBLICATION, DISTRIBUTION, ETC.
Date of publication, distribution, etc. 1996
350 ## - PRICE (NR) (BK AM CF MU VM SE) [OBSOLETE]
Price 0
490 ## - SERIES STATEMENT
Series statement Journal of Property Finance
Volume/sequential designation 7(1) 1996, 62-77(8)
520 ## - SUMMARY, ETC.
Summary, etc. Presents results of an investigation of the inflation-hedging characteristics of UK property. Evaluates the various methods of decomposing inflation into its `expected` and `unexpected` components, using new time series data on inflation expectations produced by a questionnaire survey of informed market participants. Utilizes the power and suitability of causality and cointegration analysis to examine the relationship between inflation and property returns. Analyses the sensitivity of the results about the hedging capabilities of property tot he removal of valuation induced `smoothing` from property returns. Concludes that propety is best seen as offering hedging characteristics that are only revealed in the long run. References. (Journal abstract)
650 ## - SUBJECT ADDED ENTRY--TOPICAL TERM
Topical term or geographic name entry element PROPERTY-COMMERCIAL PROPERTY
650 ## - SUBJECT ADDED ENTRY--TOPICAL TERM
Topical term or geographic name entry element HEDGING METHODS
650 ## - SUBJECT ADDED ENTRY--TOPICAL TERM
Topical term or geographic name entry element INFLATION
690 ## - LOCAL SUBJECT ADDED ENTRY--TOPICAL TERM (OCLC, RLIN)
Topical term or geographic name as entry element PROPERTY-PROPERTY FINANCE AND INVESTMENT
700 ## - ADDED ENTRY--PERSONAL NAME
Personal name Ward, C.W.R.
700 ## - ADDED ENTRY--PERSONAL NAME
Personal name Henry, O.T.
942 ## - ADDED ENTRY ELEMENTS (KOHA)
Suppress in OPAC 0
948 ## - LOCAL PROCESSING INFORMATION (OCLC); SERIES PART DESIGNATOR (RLIN)
c (OCLC) 04/03/1997
Holdings
Withdrawn status Lost status Source of classification or shelving scheme Damaged status Not for loan Home library Current library Shelving location Date acquired Total Checkouts Full call number Barcode Date last seen Copy number Price effective from Koha item type
    Dewey Decimal Classification     London London Journal article 14/09/1999   ABS54721 11969-1001 06/08/2019 1 06/08/2019 Journal article